Un cable al cielo: Telefónica CTC Chile 1880-2005

Uloženo v:
Podrobná bibliografie
Hlavní autoři: Serrano Pérez, Sol (Autor), Pérez Lecaros, Alejandra (Autor)
Médium: Kniha
Jazyk:španělština
Vydáno: Santiago Telefónica CTC Chile 2005
Témata:
Tagy: Přidat tag
Žádné tagy, Buďte první, kdo vytvoří štítek k tomuto záznamu!

MARC

LEADER 00000nam a2200000 a 4500
001 UCH3422
003 CL-VaPUC
008 090723e20050000CL |||||||||||||||||spa|d
020 |a 9568531017 
082 0 4 |a 338.092  |b SER  |2 21 
100 0 |a Serrano Pérez, Sol  |e author  |9 538774 
700 0 |a Pérez Lecaros, Alejandra  |e author  |9 538775 
245 1 3 |a Un cable al cielo: Telefónica CTC Chile 1880-2005 
300 |a 183 p 
942 |c BK 
945 |d 20090723 00:00:00  |a dcastane 
260 |a Santiago  |b Telefónica CTC Chile  |c 2005 
500 |a v.1: Un cable al cielo 
500 |a v.2: 125 años de historia 
650 7 |a HISTORIA EMPRESARIAL  |2 CL-VaPUC  |9 538755 
650 7 |a DESARROLLO DE EMPRESAS  |2 CL-VaPUC  |9 538776 
650 7 |a COMPAÑIA TELEFONICA  |2 CL-VaPUC  |9 538777 
650 7 |a TELEFONOS  |2 CL-VaPUC  |9 263284 
651 7 |a CHILE  |2 CL-VaPUC  |9 538778 
583 |a last modification  |c 20090723 00:00:00  |k Rodrigo Vera 
999 |c 334991  |d 334989 
952 |0 0  |1 0  |4 0  |6 338_092000000000000_SER_2005  |7 0  |8 X  |9 424439  |a FDOBUD  |b FDOBUD  |d 2019-11-22  |h v.1  |i 4578678  |o 338.092 SER 2005  |p 4578678  |r 2019-11-22  |w 2019-11-22  |y BK_X  |k BUD